ロード中...

Divyam/

書誌詳細
第一著者: Ananthamurthy U R
フォーマット: Printed Book
出版事項: Kottayam: D C Books, 2003.
主題:
LEADER 00581nam a22001811a 4500
999 |c 11076  |d 11076 
020 |a 9788126406289 
082 |a M3 (ITr.)  |b ANA/D 
100 |a Ananthamurthy U R 
245 |a Divyam/  |c by Ananthamurthy U R. 
260 |a Kottayam:  |b D C Books,   |c 2003. 
300 |a 200p. 
650 |a Translation Kannada Novel 
650 |a Novel Malayalam 
650 |a Literature Malayalam 
650 |a Literature 
942 |c BK 
952 |0 0  |1 0  |4 0  |6 M_3_000000000000000_ITR__ANA_D  |7 0  |9 16135  |a SSUS  |b SSUS  |d 2015-01-08  |g 70.00  |o M3 (ITr.) ANA/D  |p  045348  |r 2015-01-08  |v 0.00  |w 2015-01-08  |y BK